Loading...

Journal of naval engineers

Bibliographic Details
Language:English
Published: U S A Transamerica
LEADER 01977nam a22002777a 4500
003 OSt
008 111018t xxu||||| |||| 00| 0 eng d
245 |a Journal of naval engineers 
260 |a U S A  |b Transamerica 
500 |a Library has : 1981,1982,1984,1985,1986,1988,1991,1992 
942 |c BK  |6 _ 
999 |c 144761  |d 144761 
952 |0 0  |1 0  |4 0  |6 62389_NAV  |7 0  |9 185056  |a DST  |b DST  |d 2011-10-18  |o 623.8/.9 NAV  |p DST04755  |r 2013-06-19  |w 2013-06-19  |y BV 
952 |0 0  |1 0  |4 0  |6 62389_NAV  |7 0  |9 185057  |a DST  |b DST  |d 2011-10-18  |o 623.8/.9 NAV  |p DST04753  |r 2013-06-19  |w 2013-06-19  |y BV 
952 |0 0  |1 0  |4 0  |6 62389_NAV  |7 0  |9 185058  |a DST  |b DST  |d 2011-10-18  |o 623.8/.9 NAV  |p DST05641  |r 2013-06-19  |w 2013-06-19  |y BV 
952 |0 0  |1 0  |4 0  |6 62389_NAV  |7 0  |9 185059  |a DST  |b DST  |d 2011-10-18  |o 623.8/.9 NAV  |p DST06128  |r 2013-06-19  |w 2013-06-19  |y BV 
952 |0 0  |1 0  |4 0  |6 62389_NAV  |7 0  |9 185060  |a DST  |b DST  |d 2011-10-18  |o 623.8/.9 NAV  |p DST06201  |r 2013-06-19  |w 2013-06-19  |y BV 
952 |0 0  |1 0  |4 0  |6 62389_NAV  |7 0  |9 185061  |a DST  |b DST  |d 2011-10-18  |o 623.8/.9 NAV  |p DST05697  |r 2013-06-19  |w 2013-06-19  |y BV 
952 |0 0  |1 0  |4 0  |6 62389_NAV  |7 0  |9 185062  |a DST  |b DST  |d 2011-10-18  |o 623.8/.9 NAV  |p DST05966  |r 2013-06-19  |w 2013-06-19  |y BV 
952 |0 0  |1 0  |4 0  |6 62389_NAV  |7 0  |9 185063  |a DST  |b DST  |d 2011-10-18  |o 623.8/.9 NAV  |p DST05967  |r 2013-06-19  |w 2013-06-19  |y BV 
952 |0 0  |1 0  |4 0  |6 62389_NAV  |7 0  |9 185064  |a DST  |b DST  |d 2011-10-18  |o 623.8/.9 NAV  |p DST05788  |r 2013-06-19  |w 2013-06-19  |y BV 
952 |0 0  |1 0  |4 0  |6 62389_NAV  |7 0  |9 185065  |a DST  |b DST  |d 2011-10-18  |o 623.8/.9 NAV  |p DST07570  |r 2013-06-19  |w 2013-06-19  |y BV 
952 |0 0  |1 0  |4 0  |6 62389_NAV  |7 0  |9 185066  |a DST  |b DST  |d 2011-10-25  |o 623.8/.9 NAV  |p DST05342  |r 2013-06-19  |w 2013-06-19  |y BV 
952 |0 0  |1 0  |4 0  |6 62389_NAV  |7 0  |9 185067  |a DST  |b DST  |d 2011-10-25  |o 623.8/.9 NAV  |p DST04754  |r 2013-06-19  |w 2013-06-19  |y BV 
952 |0 0  |1 0  |4 0  |6 62389_NAV  |7 0  |9 185068  |a DST  |b DST  |d 2011-10-25  |o 623.8/.9 NAV  |p DST05677  |r 2013-06-19  |w 2013-06-19  |y BV 
952 |0 0  |1 0  |4 0  |6 62389_NAV  |7 0  |9 185069  |a DST  |b DST  |d 2011-11-02  |o 623.8/.9 NAV  |p DST04752  |r 2013-06-19  |w 2013-06-19  |y BV